000 00528nmm a2200169Ia 4500
008 251105s9999||||xx |||||||||||||||||und||
020 _a9789560005984
041 _aspa
100 _aBellei, Cristián
245 0 _aEl gran experimento: mercado y privatización de la educación chilena
264 _a[Santiago de Chile, Chile] :
_bLOM Ediciones,
_c2015
300 _a254 páginas
490 _aCiencias Sociales y Humanas
650 _aEducation
856 _uhttps://public.digitaliapublishing.com/a/41659
942 _cCF
999 _c93513
_d93513